000 01053nam0a2200325 4500
001 RU\NLR\BIBL_A\016327559
005 20230425150733.0
010 _a978-5-4420-0975-0
_9100
021 _aRU
_bКН-П-23-010042
_9КН-П-23-0986
035 _a(NLR Aleph) 016327559
035 _a(RuMoRGB)011599405
090 _a13050323
_c13050323
100 _a20230329d2022 u y0rusy50 ca
101 0 _arus
102 _aRU
105 _ac z 000gy
181 0 _ai3
_baxxe
182 1 _an
200 1 _aПриснились мне седые ковыли
_eстихи
_fСергей Кущинский
203 _aТекст
_bвизуальный
_cнепосредственный
210 _aВоронеж
_c[б. и.]
_d2022
215 _a64 с.
_cцв. портр
_d20
675 _a821.161.1-1
_v4
686 2 _aШ6(2=Р)8-5
700 1 _aКущинский
_bС. Н.
_gСергей Н.
942 _cBOOK
980 _aNB